| 000 | 013230000a22003130004500 | ||
|---|---|---|---|
| 003 | EG-GICUC | ||
| 005 | 20250223024928.0 | ||
| 008 | 070603s2002 ua h f m 000 0 eng d | ||
| 040 |
_aEG-GICUC _beng _cEG-GICUC |
||
| 041 | 0 | _aEng | |
| 049 | _aDeposite | ||
| 097 | _aPh.D | ||
| 099 | _aCai01.11.09.Ph.D.2002.Ah.E | ||
| 100 | 0 | _aAhmed Abdelrazik Abdelzaher | |
| 245 | 1 | 0 |
_aEffects of dual - chamber pacing with short atrioventricular - delay in dilated cardiomyopathy / _cAhmed Abdelrazik Abdelzaher ; Supervised Hossam Mowafi , Hassen Khaled , Ahmed Yehia |
| 246 | 1 | 5 | _aتاثير المنبض الكهربائى ذو السلكين متعدد البرمجة ذو التوصيل الاذين - البطينى القصير فى حالات مرض عضلة القلب الانبساطى المزمن |
| 260 |
_aCairo : _bAhmed AbdElrazik Abdelzaher , _c2002 |
||
| 300 |
_a201P. : _bfacsimiles ; _c25cm |
||
| 502 | _aThesis (Ph.D.) - Cairo University - Faculty Of Medicine - Department Of Critical Care Medicine | ||
| 653 | 4 | _aCHF | |
| 653 | 4 | _aPacing | |
| 700 | 0 |
_aAhmed Yehia , _eSupervisor |
|
| 700 | 0 |
_aHassen Khaled , _eSupervisor |
|
| 700 | 0 |
_aHossam Mowafi , _eSupervisor |
|
| 856 | _uhttp://172.23.153.220/th.pdf | ||
| 905 |
_aMustafa _eRevisor |
||
| 905 |
_aSamia _eCataloger |
||
| 942 |
_2ddc _cTH |
||
| 999 |
_c2011 _d2011 |
||